<?xml version="1.0" encoding="UTF-8"?>
<record
    xmlns:xsi="http://www.w3.org/2001/XMLSchema-instance"
    xsi:schemaLocation="http://www.loc.gov/MARC21/slim http://www.loc.gov/standards/marcxml/schema/MARC21slim.xsd"
    xmlns="http://www.loc.gov/MARC21/slim">

  <leader>02907nam a2200253Ia 4500</leader>
  <controlfield tag="003">OSt</controlfield>
  <controlfield tag="005">20251107163416.0</controlfield>
  <controlfield tag="008">210210b2015   xxu||||| |||| 00| 0 eng d</controlfield>
  <datafield tag="040" ind1=" " ind2=" ">
    <subfield code="c">AL</subfield>
  </datafield>
  <datafield tag="041" ind1=" " ind2=" ">
    <subfield code="a">Kannada</subfield>
  </datafield>
  <datafield tag="082" ind1=" " ind2=" ">
    <subfield code="a">K894.4 DIVP</subfield>
  </datafield>
  <datafield tag="100" ind1=" " ind2=" ">
    <subfield code="a">DIVAKARA (S)</subfield>
    <subfield code="d">&#xC8E;&#xCB8;&#xCCD;. &#xCA6;&#xCBF;&#xCB5;&#xCBE;&#xC95;&#xCB0;&#xCCD;&#x200C;</subfield>
    <subfield code="9">244816</subfield>
  </datafield>
  <datafield tag="245" ind1=" " ind2=" ">
    <subfield code="a">Pustaka odiddakke pustakave sakshi</subfield>
    <subfield code="b">&#xCAA;&#xCC1;&#xCB8;&#xCCD;&#xCA4;&#xC95; &#xC93;&#xCA6;&#xCBF;&#xCA6;&#xCCD;&#xCA6;&#xC95;&#xCCD;&#xC95;&#xCC6; &#xCAA;&#xCC1;&#xCB8;&#xCCD;&#xCA4;&#xC95;&#xCB5;&#xCC7; &#xCB8;&#xCBE;&#xC95;&#xCCD;&#xCB7;&#xCBF;</subfield>
  </datafield>
  <datafield tag="260" ind1=" " ind2=" ">
    <subfield code="a">Bengaluru</subfield>
    <subfield code="b">Ankita Pustaka</subfield>
    <subfield code="c">2015</subfield>
  </datafield>
  <datafield tag="300" ind1=" " ind2=" ">
    <subfield code="a">150</subfield>
  </datafield>
  <datafield tag="520" ind1=" " ind2=" ">
    <subfield code="a">&#x2018;&#xCAA;&#xCC1;&#xCB8;&#xCCD;&#xCA4;&#xC95; &#xC93;&#xCA6;&#xCBF;&#xCA6;&#xCCD;&#xCA6;&#xC95;&#xCCD;&#xC95;&#xCC6; &#xCAA;&#xCC1;&#xCB8;&#xCCD;&#xCA4;&#xC95;&#xCB5;&#xCC7; &#xCB8;&#xCBE;&#xC95;&#xCCD;&#xCB7;&#xCBF;&#x2019; &#xCB2;&#xCC7;&#xC96;&#xC95; &#xC8E;&#xCB8;&#xCCD;. &#xCA6;&#xCBF;&#xCB5;&#xCBE;&#xC95;&#xCB0;&#xCCD; &#xC85;&#xCB5;&#xCB0; &#xCAA;&#xCCD;&#xCB0;&#xCAC;&#xC82;&#xCA7; &#xCB8;&#xC82;&#xC95;&#xCB2;&#xCA8;. &#xC95;&#xCA4;&#xCC6;&#xC97;&#xCBE;&#xCB0; &#xC85;&#xC97;&#xCC2;&#xCB8;&#xCCD;&#xCA4;&#xCCB; &#xCAE;&#xCCA;&#xC82;&#xCA4;&#xCC6;&#xCB0;&#xCCD;&#xCB0;&#xCCB;&#xCB8;&#xCCA; &#xC92;&#xC82;&#xCA6;&#xCC7; &#xC92;&#xC82;&#xCA6;&#xCC1; &#xCB8;&#xCBE;&#xCB2;&#xCBF;&#xCA8; &#xCB8;&#xCA3;&#xCCD;&#xCA3;&#xC95;&#xCA4;&#xCC6;&#xCAF;&#xCCA;&#xC82;&#xCA6;&#xCA8;&#xCCD;&#xCA8;&#xCC1; &#xCAC;&#xCB0;&#xCC6;&#xCA6;&#xCBF;&#xCA6;&#xCCD;&#xCA6;&#xCBE;&#xCA8;&#xCC6;. &#xC85;&#xCA6;&#xCB0; &#xCAC;&#xC97;&#xCCD;&#xC97;&#xCC6; &#xCB8;&#xCBE;&#xC95;&#xCB7;&#xCCD;&#xC9F;&#xCC1; &#xC9A;&#xCB0;&#xCCD;&#xC9A;&#xCC6; &#xCA8;&#xCA1;&#xCC6;&#xCA6;&#xCBF;&#xCA6;&#xCC6;. &#xC85;&#xCA4;&#xCCD;&#xCAF;&#xCC1;&#xCA4;&#xCCD;&#xCA4;&#xCAE; &#xC95;&#xCC3;&#xCA4;&#xCBF;&#xC97;&#xCB3; &#xC9C;&#xCCA;&#xCA4;&#xCC6;&#xC97;&#xCBF;&#xC9F;&#xCCD;&#xC9F;&#xCC1; &#xC9A;&#xCB0;&#xCCD;&#xC9A;&#xCBF;&#xCB8;&#xCBF;&#xCA6;&#xCCD;&#xCA6;&#xCC1;, &#xC88; &#xC9A;&#xCB0;&#xCCD;&#xC9A;&#xCC6; &#xC92;&#xC82;&#xCA6;&#xCC1; &#xCA4;&#xCC1;&#xCA6;&#xCBF;&#xCAF;&#xCBE;&#xCA6;&#xCB0;&#xCC6;, &#xC87;&#xCA6;&#xCC1; &#xC95;&#xCA4;&#xCC6;&#xCAF;&#xCC7; &#xC85;&#xCB2;&#xCCD;&#xCB2; &#xC8E;&#xC82;&#xCAC;&#xCC1;&#xCA6;&#xCC1; &#xC87;&#xCA8;&#xCCD;&#xCA8;&#xCCA;&#xC82;&#xCA6;&#xCC1; &#xCA4;&#xCC1;&#xCA6;&#xCBF;. &#xCAE;&#xCCA;&#xC82;&#xCA4;&#xCC6;&#xCB0;&#xCCD;&#xCB0;&#xCCB;&#xCB8;&#xCCA; &#xCB8;&#xC82;&#xCA6;&#xCB0;&#xCCD;&#xCB6;&#xCA8; &#xC92;&#xC82;&#xCA6;&#xCB0;&#xCB2;&#xCCD;&#xCB2;&#xCBF; &#xC87;&#xCA6;&#xCB0; &#xCAC;&#xC97;&#xCCD;&#xC97;&#xCC6; &#xCAA;&#xCCD;&#xCB0;&#xCB8;&#xCCD;&#xCA4;&#xCBE;&#xCAA;&#xCBF;&#xCB8;&#xCC1;&#xCA4;&#xCCD;&#xCA4; '&#xCA8;&#xCBF;&#xC9C;, &#xC87;&#xCA6;&#xCC1; &#xCB8;&#xCA3;&#xCCD;&#xCA3;&#xC95;&#xCA4;&#xCC6; &#xC85;&#xCB2;&#xCCD;&#xCB2;, &#xCA8;&#xCBF;&#xC9C;&#xC95;&#xCCD;&#xC95;&#xCC2; &#xC92;&#xC82;&#xCA6;&#xCC1; &#xC95;&#xCBE;&#xCA6;&#xC82;&#xCAC;&#xCB0;&#xCBF;' &#xC8E;&#xCA8;&#xCCD;&#xCA8;&#xCC1;&#xCA4;&#xCCD;&#xCA4;&#xCBE;&#xCA8;&#xCC6;.

&#xCA6;&#xCBF;&#xCB5;&#xCBE;&#xC95;&#xCB0;&#xCCD; &#xC85;&#xCB5;&#xCB0; &#xCAA;&#xCCD;&#xCB0;&#xCAC;&#xC82;&#xCA7;&#xC97;&#xCB3;&#xCA8;&#xCCD;&#xCA8;&#xCC1; &#xC93;&#xCA6;&#xCC1;&#xCB5;&#xCBE;&#xC97; &#xC85;&#xCB5;&#xCB0;&#xCC7; &#xC89;&#xCB2;&#xCCD;&#xCB2;&#xCC7;&#xC96;&#xCBF;&#xCB8;&#xCBF;&#xCB0;&#xCC1;&#xCB5; &#xC88; &#xCAA;&#xCCD;&#xCB0;&#xCB8;&#xC82;&#xC97; &#xCA8;&#xCC6;&#xCA8;&#xCAA;&#xCBE;&#xC97;&#xCC1;&#xCA4;&#xCCD;&#xCA4;&#xCA6;&#xCC6;. &#xC87;&#xCB5;&#xCC1; &#xCAA;&#xCCD;&#xCB0;&#xCAC;&#xC82;&#xCA7; &#xCAE;&#xCBE;&#xCA4;&#xCCD;&#xCB0;&#xCB5;&#xCB2;&#xCCD;&#xCB2;, &#xCA8;&#xCBF;&#xC9C;&#xC95;&#xCCD;&#xC95;&#xCC2; &#xC87;&#xCB5;&#xCC1; &#xC95;&#xCA4;&#xCC6;, &#xC95;&#xCB5;&#xCBF;&#xCA4;&#xCC6;, &#xCB5;&#xCCD;&#xCAF;&#xC95;&#xCCD;&#xCA4;&#xCBF;&#xC9A;&#xCBF;&#xCA4;&#xCCD;&#xCB0;, &#xCAA;&#xCCD;&#xCB0;&#xCAC;&#xC82;&#xCA7;, &#xCB2;&#xCC7;&#xC96;&#xCA8; &#xC8E;&#xCB2;&#xCCD;&#xCB2;&#xCB5;&#xCC2; &#xCB9;&#xCCC;&#xCA6;&#xCC1;. &#xC86;&#xCA7;&#xCC1;&#xCA8;&#xCBF;&#xC95; &#xCB8;&#xCBE;&#xCB9;&#xCBF;&#xCA4;&#xCCD;&#xCAF;&#xCA6; &#xCAE;&#xCC1;&#xC96;&#xCCD;&#xCAF; &#xCAC;&#xCC6;&#xCB3;&#xCB5;&#xCA3;&#xCBF;&#xC97;&#xCC6;&#xCAF;&#xCC6;&#xC82;&#xCA6;&#xCB0;&#xCC6; &#xCAA;&#xCCD;&#xCB0;&#xC95;&#xCBE;&#xCB0;&#xC97;&#xCB3; &#xCB9;&#xC82;&#xC97;&#xCC1; &#xCAE;&#xCC0;&#xCB0;&#xCBF;&#xCA6;&#xCCD;&#xCA6;&#xCC1;. &#xCA6;&#xCBF;&#xCB5;&#xCBE;&#xC95;&#xCB0;&#xCB0; &#xCAA;&#xCCD;&#xCB0;&#xCAC;&#xC82;&#xCA7;&#xC97;&#xCB3;&#xCA8;&#xCCD;&#xCA8;&#xCC1; &#xC93;&#xCA6;&#xCC1;&#xCB5;&#xCBE;&#xC97; &#xC95;&#xCC6;&#xCB2;&#xCB5;&#xCCA;&#xCAE;&#xCCD;&#xCAE;&#xCC6; &#xC95;&#xCB5;&#xCBF;&#xCA4;&#xCC6; &#xC93;&#xCA6;&#xCBF;&#xCA6; &#xC85;&#xCA8;&#xCC1;&#xCAD;&#xCB5;&#xCB5;&#xCBE;&#xC97;&#xCC1;&#xCA4;&#xCCD;&#xCA4;&#xCA6;&#xCC6;; &#xC95;&#xCC6;&#xCB2;&#xCB5;&#xCC1; &#xC95;&#xCA1;&#xCC6; &#xC95;&#xCA4;&#xCC6; &#xC93;&#xCA6;&#xCBF;&#xCA6; &#xC89;&#xCB2;&#xCCD;&#xCB2;&#xCBE;&#xCB8;&#xCB5;&#xCBF;&#xCB0;&#xCC1;&#xCA4;&#xCCD;&#xCA4;&#xCA6;&#xCC6;. &#xCAE;&#xC97;&#xCA6;&#xCCA;&#xCAE;&#xCCD;&#xCAE;&#xCC6; &#xCAA;&#xCCD;&#xCB0;&#xCAC;&#xC82;&#xCA7;&#xCA6; &#xCB2;&#xCB9;&#xCB0;&#xCBF;&#xCAF;&#xCBF;&#xCA6;&#xCC6;. &#xC87;&#xCA8;&#xCCD;&#xCA8;&#xCC1; &#xC95;&#xCC6;&#xCB2;&#xCB5;&#xCCA;&#xCAE;&#xCCD;&#xCAE;&#xCC6; &#xC85;&#xCA4;&#xCCD;&#xCAF;&#xCC1;&#xCA4;&#xCCD;&#xCA4;&#xCAE; &#xCB2;&#xCC7;&#xC96;&#xCA8;&#xCA6;&#xC82;&#xCA4;&#xCC6; &#xC85;&#xCB0;&#xCBF;&#xCB5;&#xCBF;&#xC97;&#xCC6; &#xCB9;&#xCBE;&#xCA6;&#xCBF; &#xCAE;&#xCBE;&#xCA1;&#xCBF;&#xC95;&#xCCA;&#xCA1;&#xCC1;&#xCA4;&#xCCD;&#xCA4;&#xCA6;&#xCC6;.</subfield>
  </datafield>
  <datafield tag="650" ind1=" " ind2=" ">
    <subfield code="a">sakshi</subfield>
    <subfield code="9">244817</subfield>
  </datafield>
  <datafield tag="650" ind1=" " ind2=" ">
    <subfield code="a">pustakave</subfield>
    <subfield code="9">244818</subfield>
  </datafield>
  <datafield tag="650" ind1=" " ind2=" ">
    <subfield code="a">Pustaka</subfield>
    <subfield code="9">244819</subfield>
  </datafield>
  <datafield tag="650" ind1=" " ind2=" ">
    <subfield code="a">odiddakke</subfield>
    <subfield code="9">244820</subfield>
  </datafield>
  <datafield tag="690" ind1=" " ind2=" ">
    <subfield code="a">Kannada Prose</subfield>
    <subfield code="9">244821</subfield>
  </datafield>
  <datafield tag="906" ind1=" " ind2=" ">
    <subfield code="a">070288</subfield>
  </datafield>
  <datafield tag="942" ind1=" " ind2=" ">
    <subfield code="2">ddc</subfield>
    <subfield code="c">BK</subfield>
  </datafield>
  <datafield tag="999" ind1=" " ind2=" ">
    <subfield code="c">119848</subfield>
    <subfield code="d">119848</subfield>
  </datafield>
  <datafield tag="952" ind1=" " ind2=" ">
    <subfield code="0">0</subfield>
    <subfield code="1">0</subfield>
    <subfield code="2">ddc</subfield>
    <subfield code="4">0</subfield>
    <subfield code="7">0</subfield>
    <subfield code="8">KAN</subfield>
    <subfield code="a">AL</subfield>
    <subfield code="b">AL</subfield>
    <subfield code="c">Kannada Literature</subfield>
    <subfield code="d">2021-02-17</subfield>
    <subfield code="e">Navakarnataka Publication Pvt Ltd Mangalore</subfield>
    <subfield code="g">130.00</subfield>
    <subfield code="l">0</subfield>
    <subfield code="o">K894.4 DIVP</subfield>
    <subfield code="p">070288</subfield>
    <subfield code="r">2021-02-17 00:00:00</subfield>
    <subfield code="w">2021-02-17</subfield>
    <subfield code="y">BK</subfield>
  </datafield>
</record>
